000 00501nam a2200181Ia 4500
003 GCL
008 140319s9999 xx 000 0 ara d
040 _aGCL /
_cGCL
082 0 4 _a613.0433
_bا ط
100 1 _aاحمد السعيد يونس
245 1 0 _aطفلك المراهق /
_cاحمد السعيد يونس
260 _a[S.N] :
_bدار الفكر العربى ،
_c1981
300 _a111 ص
490 _a
650 0 4 _aالاطفال
650 0 4 _aالمراهقة
942 _2ddc
_cBK
999 _c55553
_d55553